Gotham Yankee ; (Record no. 17122)
[ view plain ]
| 000 -LEADER | |
|---|---|
| fixed length control field | 00632nam a22002057a 4500 |
| 001 - CONTROL NUMBER | |
| control field | 17122 |
| 003 - CONTROL NUMBER IDENTIFIER | |
| rucl marc code | BD-RjUL |
| 005 - DATE AND TIME OF LATEST TRANSACTION | |
| control field | 20211209000106.0 |
| 008 - FIXED-LENGTH DATA ELEMENTS--GENERAL INFORMATION | |
| fixed length control field | 140216s1950 enk||||| |||| 001 0 eng d |
| 035 ## - SYSTEM CONTROL NUMBER | |
| System control number | (BD-RjUL)17179 |
| 040 ## - CATALOGING SOURCE | |
| Original cataloging agency | BD-RjUL |
| Language of cataloging | eng |
| Transcribing agency | BD-RjUL |
| Modifying agency | BD-RjUL |
| 041 ## - LANGUAGE CODE | |
| Language code of text/sound track or separate title | eng |
| 082 ## - DEWEY DECIMAL CLASSIFICATION NUMBER | |
| Classification number | 811.3 |
| Author mark and year | PEG 1950 |
| 100 ## - MAIN ENTRY--PERSONAL NAME | |
| Personal name | Peckham , Harry Houston |
| 9 (RLIN) | 52816 |
| 245 ## - TITLE STATEMENT | |
| Title | Gotham Yankee ; |
| Remainder of title | a biography of William Cullen Bryant / |
| Statement of responsibility, etc. | Harry Houston Peckham |
| 260 ## - PUBLICATION, DISTRIBUTION, ETC. (IMPRINT) | |
| Place of publication, distribution, etc. | New York : |
| Name of publisher, distributor, etc. | Vantage Press , |
| Date of publication, distribution, etc. | ©1950 |
| 300 ## - PHYSICAL DESCRIPTION | |
| Pagination | 228 p. : |
| Illustrations | ill., ports. ; |
| Size | 23 cm. |
| 650 ## - SUBJECT ADDED ENTRY--TOPICAL TERM | |
| Source of heading or term | Bryant, William Cullen, -- 1794-1878. |
| 942 ## - ADDED ENTRY ELEMENTS (KOHA) | |
| Source of classification or shelving scheme | Dewey Decimal Classification |
| Koha item type | Books |
| Lost status | Source of classification or shelving scheme | Damaged status | Not for loan | Collection code | Permanent Location | Current Location | Shelving location | Date acquired | Source of acquisition | Total Checkouts | Full call number | Date last seen | Copy number | Koha item type |
|---|---|---|---|---|---|---|---|---|---|---|---|---|---|---|
| Dewey Decimal Classification | Not For Loan | Fiction | Central Library, University of Rajshahi | Central Library, University of Rajshahi | Reading Room | 13/02/1958 | U.S..I.S.Dacca Grats | 811.3 PEG 1950 | 16/02/2014 | C-1 | Books |